Obálka Náhled e-knihy:
PDF Epub
Pro půjčování e-knih musíte být přihlášeni.
Jak si půjčit online?

Detektiv Lumpík řeší zvířecí záhady /

Vydejte se s malým Detektivem Lumpíkem do světa napínavých zvířecích dobrodružství, kde na každém kroku čeká nová záhada. Kam zmizel obojek? Jaké tajemství skrývají noční zvuky? A další... Lumpík už vyráží po stopě! Lumpík je pejsek plemene westík s velkým srdcem a bystrým čumáčkem. Spolu se svými k...

Celý popis

Uloženo v:
Série:Dobrodružství westíka Lumpíka, část 1
Hlavní autor: Řehořová, Kristina (Autor)
Médium: E-kniha
Jazyk:Czech
Vydáno: Praha : Kristina Řehořová, 2026
Příbuzné jednotky:Z cyklu:: Dobrodružství westíka Lumpíka
Tagy:
Žádné tagy
LEADER 02081nam a22002417i 4500
001 297563
007 ta
008 260413s2026 xr ||||| |||| 00| 0 cze d
020 |a 9990004261792 
044 |a xr 
100 1 |a  Řehořová, Kristina  |4 aut 
245 1 0 |a Detektiv Lumpík řeší zvířecí záhady /  |c  Řehořová, Kristina 
264 1 |a Praha :  |b Kristina Řehořová,  |c 2026 
300 |a 1 online zdroj (58 stran) 
336 |a text  |b txt  |2 rdacontent 
337 |a bez média  |b n  |2 rdamedia 
338 |a online zdroj  |b cr  |2 rdacarrier 
520 2 |a Vydejte se s malým Detektivem Lumpíkem do světa napínavých zvířecích dobrodružství, kde na každém kroku čeká nová záhada. Kam zmizel obojek? Jaké tajemství skrývají noční zvuky? A další... Lumpík už vyráží po stopě! Lumpík je pejsek plemene westík s velkým srdcem a bystrým čumáčkem. Spolu se svými kamarády pátrá po stopách, řeší záhady a pomáhá všude, kde je to potřeba. Každý příběh je krátký, hravý a přizpůsobený malým dětem, idální pro společné čtení s rodiči. Příběhy rozvíjejí logické myšlení, vnímavost a pozornost, smysl pro spravedlnost. Kniha určena dětem věku 3-6 let, nejen před spaním. Má dobročinný přesah: 20% výtěžku putuje na pomoc pejskům organizace Záchranné depozitum pro psy Beruška z.s.  Sledujte Lumpíka i na Instagramu: @westik_lumpik, kde jsou pro malé detektivy připraveny i Lumpíkovy omalovánky. První díl volné série Dobrodružství westíka Lumpíka. 
787 0 8 |g 1  |i Z cyklu:  |t Dobrodružství westíka Lumpíka 
910 |a RBIT002 
998 |d 426179  |a https://core.palmknihy.cz/api/books/426179/cover?tdegv9  |b https://core.palmknihy.cz/api/books/426179/cover/400?tdegv9  |c https://core.palmknihy.cz/api/books/426179/cover/50?tdegv9  |e   |g 58  |i 9990004261792  |j https://core.palmknihy.cz/api/books/426179/preview.epub  |k https://core.palmknihy.cz/api/books/426179/preview.pdf  |l   |q 49  |r 1  |s https://www.palmknihy.cz/kniha/426179  |t ebook  |y 2026  |z 1  |v Dobrodružství westíka Lumpíka  |w 1 
999 |d 297561